000 00589nam a22002177a 4500
003 OSt
005 20240913092042.0
008 240913b |||||||| |||| 00| 0 eng d
020 _a0273687727
040 _cDDC
082 _a658.8 FIL 2005
100 _aFill, Chris
_919124
245 _aMarketing Communications: engagement, strategies and practice
250 _a4th ed.
260 _aHarlow; Prentice hall, 2005
300 _axxxxvii,911p;
_bCol. ill:
_c27cm
504 _aReferences, & index included
650 _2Marketing
650 _2Communication
942 _2ddc
_cO_SHELF
999 _c9369
_d9369